• 首页
  • 本馆介绍
  • 公告通知
  • 最新文献
  • 馆藏检索
  • 电子资源
  • 读者导购
  • 参考咨询
  • 我的图书馆
  • 登录
  • 详细信息显示
  • 放入我的书架
  • 预约/预借图书
  • 作者相关作品
  • 分类相关作品
  • 丛书相关作品
  • 出版社相关作品

书目信息

  • 表格格式
  • 工作单格式
  • 卡片格式
题名:
劳动权益保护法律常识
    
 
作者: 戴志强 , 葛磊 主编
分册:  
出版信息: 昆明   云南人民出版社  2011
页数: 193页
开本: 24cm
丛书名: 百姓生活中的法律系列丛书
单 册:
中图分类: D922.504
科图分类:
主题词: 劳动法--Lao Dong Fa--基本知识--中国 , 劳动法--Lao Dong Fa
电子资源:
ISBN: 978-7-222-07512-2
000 01003nam0 22002771 450
001 349788
005 20161008165944.14
010    @a978-7-222-07512-2@dCNY29.80
100    @a20111102d2011 em y0chiy50 ea
101 0  @achi
102    @aCN@b530000
105    @aa z 000yy
106    @ar
200 1  @a劳动权益保护法律常识@ALao Dong Quan Yi Bao Hu Fa Lv Chang Shi@f戴志强,葛磊主编
210    @a昆明@c云南人民出版社@d2011
215    @a193页@c图@d24cm
225 2  @a百姓生活中的法律系列丛书@ABai Xing Sheng Huo Zhong De Fa Lv Xi Lie Cong Shu
330    @a本书主要内容包括:劳动关系及劳动就业;劳动合同;对特殊人群的保护;工作时间、休息休假与工资制度;劳动安全卫生与劳动保护等。
461  0 @12001 @a百姓生活中的法律系列丛书
606 0  @a劳动法@ALao Dong Fa@x基本知识@y中国
606 0  @a劳动法@ALao Dong Fa
690    @aD922.504@v5
701  0 @a戴志强@ADai Zhi Qiang@f(1973~)@4主编
701  0 @a葛磊@AGe Lei@4主编
801  0 @aCN@bTANGWEI@20160802
905    @b0886765-9@dD922.504@e1347@f5
    
    劳动权益保护法律常识/戴志强,葛磊主编.-昆明:云南人民出版社,2011
    193页:图;24cm.-(百姓生活中的法律系列丛书)
    
    
    ISBN 978-7-222-07512-2:CNY29.80
    本书主要内容包括:劳动关系及劳动就业;劳动合同;对特殊人群的保护;工作时间、休息休假与工资制度;劳动安全卫生与劳动保护等。
●
相关链接 在E读中查询图书 在五车中查询图书 在当当中查询图书 在豆瓣中查询图书


正题名:劳动权益保护法律常识     索取号:D922.504/1347         预约/预借

序号 登录号 条形码 馆藏地/架位号 状态 备注
1 0886765   208867653   第一样本阅览室/ [索取号:D922.504/1347] 在馆    
2 0886766   208867662   第一借阅区/ [索取号:D922.504/1347] 在馆    
3 0886767   208867671   第一借阅区/ [索取号:D922.504/1347] 在馆    
4 0886768   208867680   第一借阅区/ [索取号:D922.504/1347] 在馆    
5 0886769   208867699   密集书库-史法系/ [索取号:D922.504/1347] 在馆    
唐山师范学院图书馆 欢迎您!
大连网信软件有限公司© 版权所有